Principia rhetorica una teoría general de la argumentación (Registro nro. 182729)

Detalles MARC
000 -ENCABEZADO
Número de control [NR] 00988nam a22002537a 4500
005 - FECHA Y HORA DE LA ÚLTIMA TRANSACCIÓN
control field 20140903174955.0
008 - DE LONGITUD FIJA DE DATOS DE ELEMENTOS - INFORMACIÓN GENERAL
Elementos de longitud fija [NR] 131105s2013 ag a frn 000 0 spa
020 ## - NUMERO INTERNACIONAL NORMALIZADO PARA LIBROS [R]
Número Internacional Normalizado del libro [NR] 9789505183531
040 ## - FUENTE DE CATALOGACION [NR]
Agencia de catalogación original [NR] CO-BoUCM
Quien Cataloga
Quien Clasifica Aldemar Mondragón
041 00 - CODIGO DE IDIOMA [R]
Código de idioma para texto/pista de sonido o título separado [R] Español
100 1# - ASIENTO PRINCIPAL--NOMBRE PERSONAL [NR]
Nombre personal [NR] Meyer, Michel
Fechas asociadas con el nombre [NR] 1950-
ID Autoridad 49674
245 10 - MENCION DE TITULO [NR]
Título [NR] Principia rhetorica una teoría general de la argumentación
Mención de responsabilidad, etc. [NR] Michel Meyer ; traducción de Irene Agoff
260 ## - PUBLICACION, DISTRIBUCION, ETC. (PIE DE IMPRENTA) [R]
Lugar de publicación, distribución, etc. [R] Buenos Aires (Argentina)
-- Madrid (España)
Nombre del editor, distribuidor, etc. [R] Amorrortu Editores
Fecha de publicación, distribución, etc. [R] 2013
300 ## - DESCRIPCION FISICA [R]
Extensión [R] 347 páginas
Otros detalles físicos [NR] ilustraciones
490 0# - MENCION DE SERIE [R]
Mención de serie [R] Biblioteca de Filosofía (Amorrortu Editores)
650 #7 - ASIENTO SECUNDARIO DE MATERIA - TERMINO TEMATICO [R]
Término temático o nombre geográfico como elemento de entrada [NR] Filosofía del lenguaje
9 (RLIN) 49677
650 #7 - ASIENTO SECUNDARIO DE MATERIA - TERMINO TEMATICO [R]
Término temático o nombre geográfico como elemento de entrada [NR] Lógica
9 (RLIN) 49676
650 #7 - ASIENTO SECUNDARIO DE MATERIA - TERMINO TEMATICO [R]
Término temático o nombre geográfico como elemento de entrada [NR] Retórica
Subdivisión general [R] Historia y crítica
9 (RLIN) 49675
690 ## - ASUNTO AGREGADO LOCAL DE ENTRADA - TÉRMINO TEMÁTICO (OCLC, RLIN)
9 (RLIN) 42814
Acceso temático local Filosofía
700 1# - ASIENTO SECUNDARIO - NOMBRE PERSONAL [R]
Nombre personal [NR] Agoff, Irene
Término de relación [R] traductor
9 (RLIN) 43594
765 ## - ASIENTO DE IDIOMA ORIGINAL [R]
Título [NR] Principia rhetorica théorie générale de l'argumentation
942 ## - ELEMENTOS DE ENTRADA AGREGADOS (KOHA)
Tema principal Filosofía
Tipo de ítem principal el descrito en 300a Libro
Edición 1
Parte restante de la signatura top. M612p
Sistema de clasificación DEWEY
Clasificación 168
Existencias
Fecha de último préstamo Total préstamos Total Renewals Signatura topográfica Código de barras Última vez visto Ejemplar Costo de reposición Price effective from Tipo de ítem Perdido Sistema de clasificación Dañado No prestable Tipo de ítem específico Suprimido Ubicación habitual Ubicación actual Localización Fecha de creación Proveedor Forma de adquisición Costo
15/03/2019 4 1 168 M612p 100137538 05/12/2025 Ej.1 65925.00 28/10/2013 Libro   DEWEY     Libro   Claustro Claustro 2do piso 28/10/2013 35 Compra 65925.00